Guatemala; bus fare rebellion
En setiembre de 1978 el gobierno guatemaltco aprobó un alza del cien por ciento en las tarifas de los buses, lo cual condujó a la organización de una huelga masiva en el país, que se inició en octubre, con la participación de la mayoría de los sectores: empleados públicos, estudiantes, campesinado y...
Kaydedildi:
| Materyal Türü: | Metin |
|---|---|
| Konular: | |
| Etiketler: |
Etiketle
Etiket eklenmemiş, İlk siz ekleyin!
|
MARC
| LEADER | 00000 a a2200000 04500 | ||
|---|---|---|---|
| 001 | 9795 | ||
| 003 | |||
| 040 | |||
| 245 | |a Guatemala; bus fare rebellion | ||
| 520 | |a En setiembre de 1978 el gobierno guatemaltco aprobó un alza del cien por ciento en las tarifas de los buses, lo cual condujó a la organización de una huelga masiva en el país, que se inició en octubre, con la participación de la mayoría de los sectores: empleados públicos, estudiantes, campesinado y otros. En este artículo, NACLA analiza las causas de la huelga, la crisis económica y política que explica el desarrollo de los acontecimientos, el papel de las fuerzas armadas como medio inmediato de represión, el rol del gobierno y la subsecuente violencia. ABB/mb | ||
| 650 | |a HUELGAS | ||
| 650 | |a HUELGUISTAS | ||
| 650 | |a MOVIMIENTOS OBREROS | ||
| 650 | |a PARTICIPACION DE LOS TRABAJADORES | ||
| 650 | |a TARIFA DE PASAJEROS | ||
| 650 | |a AUTOBUSES | ||
| 650 | |a TRANSPORTE INTERIOR | ||
| 773 | |g volumen 12, número 6; páginas 43-45 | ||
| 999 | |c 24330 |d 24330 | ||
